Paragraph development : (Record no. 7222)

MARC details
000 -LEADER
fixed length control field 01052cam a2200289 a 4500
001 - CONTROL NUMBER
control field 3399375
003 - CONTROL NUMBER IDENTIFIER
control field OSt
005 - DATE AND TIME OF LATEST TRANSACTION
control field 20241111093433.0
008 - FIXED-LENGTH DATA ELEMENTS--GENERAL INFORMATION
fixed length control field 890921s1990 njua b 001 0 eng
010 ## - LIBRARY OF CONGRESS CONTROL NUMBER
LC control number 89028036
020 ## - INTERNATIONAL STANDARD BOOK NUMBER
International Standard Book Number 0136485022 :
Terms of availability $13.00 (est.)
040 ## - CATALOGING SOURCE
Original cataloging agency DLC
Transcribing agency DLC
Modifying agency DLC
050 00 - LIBRARY OF CONGRESS CALL NUMBER
Classification number PE1128
Item number .A67 1990
082 00 - DEWEY DECIMAL CLASSIFICATION NUMBER
Classification number 808.042 A67 1990
Edition number 20
100 1# - MAIN ENTRY--PERSONAL NAME
Personal name Arnaudet, Martin L.
245 10 - TITLE STATEMENT
Title Paragraph development :
Remainder of title a guide for students of English /
Statement of responsibility, etc. Martin L. Arnaudet, Mary Ellen Barrett.
250 ## - EDITION STATEMENT
Edition statement 2nd ed.
260 ## - PUBLICATION, DISTRIBUTION, ETC.
Place of publication, distribution, etc. Englewood Cliffs, N.J. :
Name of publisher, distributor, etc. Prentice Hall Regents,
Date of publication, distribution, etc. c1990.
300 ## - PHYSICAL DESCRIPTION
Extent 182 p. :
Other physical details ill. ;
Dimensions 24 cm.
504 ## - BIBLIOGRAPHY, ETC. NOTE
Bibliography, etc. note Includes bibliographical references.
650 #0 - SUBJECT ADDED ENTRY--TOPICAL TERM
Topical term or geographic name entry element English language
General subdivision Textbooks for foreign speakers.
650 #0 - SUBJECT ADDED ENTRY--TOPICAL TERM
Topical term or geographic name entry element English language
General subdivision Paragraphs
-- Problems, exercises, etc.
700 1# - ADDED ENTRY--PERSONAL NAME
Personal name Barrett, Mary Ellen.
906 ## - LOCAL DATA ELEMENT F, LDF (RLIN)
a 7
b cbc
c orignew
d 1
e ocip
f 19
g y-gencatlg
942 ## - ADDED ENTRY ELEMENTS (KOHA)
Source of classification or shelving scheme Dewey Decimal Classification
Koha item type English Book
Holdings
Withdrawn status Lost status Source of classification or shelving scheme Damaged status Not for loan Home library Current library Date acquired Total Checkouts Full call number Barcode Date last seen Price effective from Koha item type
    Dewey Decimal Classification     CENTRAL CENTRAL 11/21/2024   808.042 A67 1990 1000000020207 11/21/2024 11/21/2024 English Book